000 00801nam a22001817a 4500
003 LK-CoMWRAF
005 20231201122820.0
008 230928b |||||||| |||| 00| 0 eng d
040 _aLK-CoMWRAF
_dLK-CoMWRAF
_eLK-CoMWRAF
041 _asin
082 _a297.63
_bMAW
100 _aමව්දුදී. මව්ලානා සෙය්යිද් අබුල් ඇලා
245 _aඋතුම් සමාජයක නිර් මාතෘ :
_bමුහම්මද් නබි නායක තුමාණෝ
246 _aUthum samaajayaka nirmaathroo : Muhammad nabi naayaka thumaakoo
260 _aදෙහිවල :
_bහිරා තොරතුරු මධ්‍යස්ථානය.
650 _aමුස්ලිම්--නබි නායක තුමා
942 _cBK
999 _c3711
_d3711